Microbiología moderna de los alimentos /

Contenido: Antecedentes históricos; Hábitats, taxonomía y parámetros del crecimiento; Microorganismos de los alimentos; Determinación de microorganismos y/o sus productos en alimentos; Conservación de los alimentos y algunas propiedades de las bacterias psicrotrofas, de las termófilas y de las resis...

Descripción completa

Guardado en:
Detalles Bibliográficos
Autor principal: Jay, James M. (autor)
Formato: Libro
Idioma:Español
Publicado: Zaragoza, España : Acribia, 2002, c2002
Edición:4a edición
Temas:
Etiquetas: Agrega una etiqueta
Sin etiquetas, Sé el primero en etiquetar este registro!

MARC

LEADER 00000nam^a2200000^a^4500
001 000182992
005 20250521000000.0
009 20260310102024.539
020 |a 84-200-0970-9 
037 |a Acervo ITESO - Biblioteca 
041 |a ESP 
082 |a 664. 001576  |b JAY 
100 |a Jay, James M.  |e (autor) 
240 1 1 |a [Microbiología moderna de los alimentos] 
245 1 0 |a Microbiología moderna de los alimentos /  |c J.M. Jay ; tr. por Manuel Ramis Vergés. 
250 |a 4a edición 
264 4 |a Zaragoza, España :  |b Acribia,  |c 2002, c2002 
300 |a XIV, 615 p. 
336 |a texto  |b txt  |2 rdacontenido 
337 |a sin mediación  |b n  |2 rdamedio 
338 |a volumen  |b nc  |2 rdasoporte 
500 |a Traducción de: Modern Food Microbiology 
520 |a Contenido: Antecedentes históricos; Hábitats, taxonomía y parámetros del crecimiento; Microorganismos de los alimentos; Determinación de microorganismos y/o sus productos en alimentos; Conservación de los alimentos y algunas propiedades de las bacterias psicrotrofas, de las termófilas y de las resistentes a la radiación; Indicadores de la inocuidad y calidad de los alimentos, fundamentos del control de calidad y criterios microbiológicos; Enfermedades transmitidas por alimentos; Apéndices. 
590 |a Traducción de la 6a edición en inglés 
649 |a XX 
650 |a Alimentos Contaminados 
650 |a Alimentos y Bebidas -  |x Conservación 
650 |a Microbiología de Alimentos -  |x Tema Principal 
650 |a Control de Alimentos 
650 |a Tecnología de Alimentos 
910 |a Fondo General 
920 |a Impresos - Libros 
930 |a Colección General 
905 |a 101 
901 |a 0500123070  |b IT1  |c ACC  |u 20250521 
902 |a https://opac.biblio.iteso.mx/vufind/Record/000182992